| 000 | 00773cam a2200229 a 4500 | ||
|---|---|---|---|
| 001 | 000018206 | ||
| 005 | 20200929165412.0 | ||
| 008 | 800214s1912 sp 000 0 spa d | ||
| 040 |
_aDO-SdBNP _bspa _cLC _dBNPHU |
||
| 050 | 0 | 0 |
_aDP42 _b.B6 |
| 082 |
_ann* _bB663v, 1912 |
||
| 100 | 1 |
_aBobadilla, Emilio, _d1862-1921. _939424 |
|
| 245 | 1 | 0 |
_aViajando por España : _b(evocaciones y paisajes) / _cEmilio Bobadilla ; prólogo B. Pérez Galdós. |
| 250 | _a2a ed. | ||
| 260 |
_aMadrid : _bEst. tip. de los hijos de Tello, _c1912. |
||
| 300 |
_av. ; _c19 cm. |
||
| 500 | _aLa biblioteca sólo posee el volumen 1. | ||
| 651 | 0 |
_aSpain _xDescription And Travel. _939425 |
|
| 700 | 1 |
_aPérez Galdós, B., _epról. _939426 |
|
| 910 | _aCatalogación por copia / LC | ||
| 049 | _aBNGR | ||
| 999 |
_c17727 _d17727 |
||